<marc:collection xmlns:xsi="http://www.w3.org/2001/XMLSchema-instance" xmlns:marc="http://www.loc.gov/MARC21/slim" xsi:schemaLocation="http://www.loc.gov/MARC21/slim http://www.loc.gov/standards/marcxml/schema/MARC21slim.xsd">
    <marc:record>
        <marc:leader>     nam a22      c 4500</marc:leader>
        <marc:controlfield tag="001">chlel.21/965006948</marc:controlfield>
        <marc:controlfield tag="003">nljbp</marc:controlfield>
        <marc:controlfield tag="005">250625025314.1</marc:controlfield>
        <marc:controlfield tag="007">cr |||||||||||</marc:controlfield>
        <marc:controlfield tag="008">131216s2007    ne |||||||||||||||||eng|d</marc:controlfield>
        <marc:datafield tag="010" ind1=" " ind2=" ">
            <marc:subfield code="a">  2007003851</marc:subfield>
        </marc:datafield>
        <marc:datafield tag="020" ind1=" " ind2=" ">
            <marc:subfield code="a">9789027292049</marc:subfield>
            <marc:subfield code="q">(e-Book)</marc:subfield>
        </marc:datafield>
        <marc:datafield tag="040" ind1=" " ind2=" ">
            <marc:subfield code="a">nljbp</marc:subfield>
            <marc:subfield code="b">eng</marc:subfield>
            <marc:subfield code="c">nljbp</marc:subfield>
            <marc:subfield code="d">nljbp</marc:subfield>
        </marc:datafield>
        <marc:datafield tag="050" ind1="0" ind2="0">
            <marc:subfield code="a">PN56.M54</marc:subfield>
        </marc:datafield>
        <marc:datafield tag="082" ind1="0" ind2="0">
            <marc:subfield code="a">809/.9112</marc:subfield>
            <marc:subfield code="2">22</marc:subfield>
        </marc:datafield>
        <marc:datafield tag="084" ind1=" " ind2=" ">
            <marc:subfield code="a">DSB</marc:subfield>
            <marc:subfield code="q">bicssc</marc:subfield>
        </marc:datafield>
        <marc:datafield tag="084" ind1=" " ind2=" ">
            <marc:subfield code="a">LIT006000</marc:subfield>
            <marc:subfield code="q">bisacsh</marc:subfield>
        </marc:datafield>
        <marc:datafield tag="245" ind1="0" ind2="0">
            <marc:subfield code="a">Modernism</marc:subfield>
            <marc:subfield code="c">Edited by Astradur Eysteinsson and Vivian Liska</marc:subfield>
        </marc:datafield>
        <marc:datafield tag="264" ind1=" " ind2="1">
            <marc:subfield code="a">Amsterdam ;</marc:subfield>
            <marc:subfield code="a">Philadelphia :</marc:subfield>
            <marc:subfield code="b">John Benjamins Publishing Company,</marc:subfield>
            <marc:subfield code="c">2007</marc:subfield>
        </marc:datafield>
        <marc:datafield tag="264" ind1=" " ind2="4">
            <marc:subfield code="c">©2007</marc:subfield>
        </marc:datafield>
        <marc:datafield tag="300" ind1=" " ind2=" ">
            <marc:subfield code="a">1 online resource (xii, 1043 pp. (2 vols.))</marc:subfield>
        </marc:datafield>
        <marc:datafield tag="336" ind1=" " ind2=" ">
            <marc:subfield code="a">text</marc:subfield>
            <marc:subfield code="b">txt</marc:subfield>
            <marc:subfield code="2">rdacontent</marc:subfield>
        </marc:datafield>
        <marc:datafield tag="337" ind1=" " ind2=" ">
            <marc:subfield code="a">computer</marc:subfield>
            <marc:subfield code="b">c</marc:subfield>
            <marc:subfield code="2">rdamedia</marc:subfield>
        </marc:datafield>
        <marc:datafield tag="338" ind1=" " ind2=" ">
            <marc:subfield code="a">online resource</marc:subfield>
            <marc:subfield code="b">cr</marc:subfield>
            <marc:subfield code="2">rdacarrier</marc:subfield>
        </marc:datafield>
        <marc:datafield tag="490" ind1="0" ind2=" ">
            <marc:subfield code="a">Comparative History of Literatures in European Languages</marc:subfield>
            <marc:subfield code="x">0238-0668</marc:subfield>
            <marc:subfield code="v">XXI</marc:subfield>
        </marc:datafield>
        <marc:datafield tag="504" ind1=" " ind2=" ">
            <marc:subfield code="a">Includes bibliographical references and index.</marc:subfield>
        </marc:datafield>
        <marc:datafield tag="505" ind1="0" ind2=" ">
            <marc:subfield code="a">Preface -- Introduction: Approaching Modernism / Astradur Eysteinsson and Vivian Liska -- 1. De-limiting Modernism -- Introduction -- Tracing the Modernist Paradigm / Edward Mozejko -- Cultural Parataxis and Transnational Landscapes of Reading / Susan Stanford Friedman -- Modernism at Large / Andreas Huyssen -- Modernist Innovations / Charles Altieri -- 2. Reassessments -- Introduction -- Literary Modernism, Critical Theory and the Politics of Irony / Gunther Martens -- A Map of All Possible Paths / Sascha Bru -- Modernism, Narrativity and Bakhtinian Theory / Anker Gemzøe -- The Subject, the Beautiful and the Sublime / Peter V. Zima -- 3. Tradition, Avant-Garde, Postmodernism -- Introduction -- Modernism and Tradition / Anne Fernald -- Myths of Rupture / Benedikt Hjartarson -- The Untimeliness of German Expressionism / Vivian Liska -- Outside In/Inside Out / Sjef Houppermans -- Modernism at the Crossroads / Barrett Watten -- Thoroughly Modern Modernism / Sam Slote -- 4. Time and Space -- Introduction -- Still Life / Frederik Tygstrup -- Living with Fragments / Bart Keunen -- Figurations of Childhood in Modernist Texts / Katrien Vloeberghs -- Modernism and Trauma / Ulrich Baer -- 5. Mind and Body -- Introduction -- Modernism, Consciousness, Poetics of Process / Dirk Van Hulle -- Configurations of Self / Ernst van Alphen -- The Face of Modernity / Holger A. Pausch -- 6. Technology and Science -- Introduction -- Bookkeeping in the Modernist Novel / Stanley Corngold -- Modernism and Science / Linda Dalrymple Henderson -- Modernism, Empirical Psychology and the Creative Imagination / Patricia Rae -- Modernism and the Technologies of Insight / Julian Nelson -- From Linear to Acoustic Space / Elena Lamberti -- 7. Literature and the Other Arts -- Introduction -- The New Critical Demotion of the Visual in Modernism / Giovanni Cianci -- An End to Dwelling / David Spurr -- Narrative Beginnings / Jakob Lothe -- (Re-)Dressing French Modernism / Bridget Elliott and Anthony Purdy -- The Mother of Us All / Brad Bucknell -- Theatrical Modernism / Graham Ley -- 8. Social and Political Parameters -- Fascist Modernism / Jobst Welge -- A Center That Can Hold / António Sousa Ribeiro -- Racial Politics, Modernist Poetics / Urmila Seshagiri -- Modernism and Ecological Criticism / Scott Bryson -- 9. Cultural Conjunctions -- Introduction -- Modernity, Postmodernity and Popular Culture in Joyce and Eliot / R. Brandon Kershner -- “Determined and Bigoted Feminists” / Elisabeth Majerus -- Latent Icons / Wendy B. Faris and Steven Walker -- Primitive Art in Modernism / Vita Fortunati and Zelda Franceschi -- 10. Routes and Encounters -- Introduction -- The Untranslatability of Modernism / M. Teresa Caneda-Cabrera -- Haiku as a Western Genre / Jan Walsh Hokenson -- Modernist Africa as an Imaginary Foil / Kai Mikkonen -- Exile and Literary Modernism / Anders Olsson -- 11. Locations: Case Studies -- Introduction -- Brazilian Modernism / Eduardo De Faria Coutinho -- Belated Arrivals / Tanya Dalziell -- Modernisme in Catalonia / Brad Epps -- French Literary Modernism / Kimberley Healey -- The Spanish American Modernismo / Cathy L. Jrade -- Borders of Modernism in the Nordic World / Astradur Eysteinsson, Mats Jansson, H.K. Riikonen, Steen Klitgård Povlsen, Jakob Lothe, Bjørn Tysdahl and Turið Sigurðardóttir -- Introduction / Astradur Eysteinsson -- Swedish Modernism / Mats Jansson -- Modernism in Finnish Literature / H.K. Riikonen -- Danish Modernism / Steen Klitgård Povlsen -- Modernism in Norway / Jakob Lothe and Bjørn Tysdahl -- Icelandic Modernism / Astradur Eysteinsson -- Modernism in Faroese Literature / Turið Sigurðardóttir -- Central and Eastern European Symbolist Literature and Its Projects / Péter Krasztev -- Russian Modernism / Edward Mozejko -- In the Shadow of Byzantium / Luca Somigli -- Approaching Spanish Modernism / C. Christopher Soufas -- The Spanish-American Novel and European Modernism / Maarten van Delden -- Modernism(s) in Dutch Literature / Hubert F. van den Berg and Gillis J. Dorleijn -- Greek Modernism and Inner-Oriented Art / Evi Voyiatzaki -- Afterword / Astradur Eysteinsson and Vivian Liska</marc:subfield>
        </marc:datafield>
        <marc:datafield tag="520" ind1=" " ind2=" ">
            <marc:subfield code="a">The two-volume work Modernism has been awarded the prestigious 2008 MSA Book Prize!
 
Modernism has constituted one of the most prominent fields of literary studies for decades. While it was perhaps temporarily overshadowed by postmodernism, recent years have seen a resurgence of interest in modernism on both sides of the Atlantic. These volumes respond to a need for a collective and multifarious view of literary modernism in various genres, locations, and languages. Asking and responding to a wealth of theoretical, aesthetic, and historical questions, 65 scholars from several countries test the usefulness of the concept of modernism as they probe a variety of contexts, from individual texts to national literatures, from specific critical issues to broad cross-cultural concerns. While the chief emphasis of these volumes is on literary modernism, literature is seen as entering into diverse cultural and social contexts. These range from inter-art conjunctions to philosophical, environmental, urban, and political domains, including issues of race and space, gender and fashion, popular culture and trauma, science and exile, ­all of which have an urgent bearing on the poetics of modernity.
</marc:subfield>
            <marc:subfield code="c">Provided by publisher.</marc:subfield>
        </marc:datafield>
        <marc:datafield tag="650" ind1="0" ind2="4">
            <marc:subfield code="a">Comparative literature &amp; literary studies</marc:subfield>
        </marc:datafield>
        <marc:datafield tag="700" ind1="1" ind2=" ">
            <marc:subfield code="a">Eysteinsson, Astradur</marc:subfield>
            <marc:subfield code="e">editor</marc:subfield>
        </marc:datafield>
        <marc:datafield tag="700" ind1="1" ind2=" ">
            <marc:subfield code="a">Liska, Vivian</marc:subfield>
            <marc:subfield code="e">editor</marc:subfield>
        </marc:datafield>
        <marc:datafield tag="700" ind1="1" ind2=" ">
            <marc:subfield code="a">Brouwers, Anke</marc:subfield>
            <marc:subfield code="e">editor</marc:subfield>
        </marc:datafield>
        <marc:datafield tag="700" ind1="1" ind2=" ">
            <marc:subfield code="a">Joosen, Vanessa</marc:subfield>
            <marc:subfield code="e">editor</marc:subfield>
        </marc:datafield>
        <marc:datafield tag="700" ind1="1" ind2=" ">
            <marc:subfield code="a">Van Camp, Nathan</marc:subfield>
            <marc:subfield code="e">editor</marc:subfield>
        </marc:datafield>
        <marc:datafield tag="700" ind1="1" ind2=" ">
            <marc:subfield code="a">Van Hulle, Dirk</marc:subfield>
            <marc:subfield code="e">editor</marc:subfield>
        </marc:datafield>
        <marc:datafield tag="700" ind1="1" ind2=" ">
            <marc:subfield code="a">Vloeberghs, Katrien</marc:subfield>
            <marc:subfield code="e">editor</marc:subfield>
        </marc:datafield>
        <marc:datafield tag="700" ind1="1" ind2=" ">
            <marc:subfield code="a">Vilhjálmsson, Björn Thor</marc:subfield>
            <marc:subfield code="e">editor</marc:subfield>
        </marc:datafield>
        <marc:datafield tag="776" ind1="1" ind2=" ">
            <marc:subfield code="i">Hardbound version:</marc:subfield>
            <marc:subfield code="d">Amsterdam ; Philadelphia : John Benjamins Publishing Company, 2007</marc:subfield>
            <marc:subfield code="z">9789027234544</marc:subfield>
        </marc:datafield>
        <marc:datafield tag="856" ind1="4" ind2="0">
            <marc:subfield code="z">DOI</marc:subfield>
            <marc:subfield code="u">https://doi.org/10.1075/chlel.xxi</marc:subfield>
        </marc:datafield>
        <marc:datafield tag="856" ind1="4" ind2="0">
            <marc:subfield code="z">JB e-Platform</marc:subfield>
            <marc:subfield code="u">https://www.jbe-platform.com/content/books/9789027292049</marc:subfield>
        </marc:datafield>
    </marc:record>
</marc:collection>